Marketingový plán vybranej poisťovne pri zavadzaní nového produktu diplomová práca

Enregistré dans:
Détails bibliographiques
Auteur principal: Poláková, Nikola
Collectivité auteur: Národohospodárska fakulta EU. Katedra poisťovníctva
Autres auteurs: Snopková, Andrea, 1987-
Format: Livre
Langue:slovaque
Publié: Bratislava 2022
Tags: Ajouter un tag
Pas de tags, Soyez le premier à ajouter un tag!

MARC

LEADER 00000nbm a2200000 4500
001 0284116
005 20230302125324.0
041 0 |a slo 
044 |a SK 
245 1 0 |a Marketingový plán vybranej poisťovne pri zavadzaní nového produktu  |b diplomová práca  |c Nikola Poláková ; školiteľ: Andrea Snopková 
264 1 |a Bratislava  |c 2022 
300 |a 83 s. 
100 1 |a Poláková, Nikola 
700 1 |a Snopková, Andrea, 1987- 
710 2 |a Národohospodárska fakulta EU. Katedra poisťovníctva